[Event "?"]
[Site "ICC 5 0 03/17/98, Internet Ch"]
[Date "1998.??.??"]
[Round "?"]
[White "Brause"]
[Black "KnightC"]
[Result "1/2-1/2"]
[WhiteElo "2455"]
[BlackElo "2365"]
[PlyCount "100"]

1. e4 Nc6 2. Nf3 e5 3. Nc3 Nf6 4. Nxe5 Nxe5 5. d4 Nc6 6. d5 Nb4 7. a3 Na6 8. e5
Ng8 9. Qf3 Qe7 10. Bf4 g5 11. Bg3 d6 12. Ne4 g4 13. Qc3 Nc5 14. Bb5+ Bd7 15. e6
Bxb5 16. Qxh8 Nxe4 17. Qxg8 Nf6 18. Qxf7+ Qxf7 19. exf7+ Kxf7 20. O-O-O Bc4 21.
Bh4 Bh6+ 22. Kb1 Ne4 23. Rd4 Re8 24. Ka1 Be2 25. Re1 Nc5 26. a4 a5 27. Bd8 Na6
28. Kb1 b6 29. b3 Re5 30. h3 gxh3 31. gxh3 Bf3 32. Rxe5 dxe5 33. Rh4 Kg6 34. d6
cxd6 35. Bxb6 Bd2 36. Rc4 Kf5 37. Rc8 Be4 38. Kb2 Bg2 39. c3 Bxh3 40. Rd8 Ke6
41. Bxa5 Nc5 42. Bc7 Nb7 43. Rg8 Nc5 44. f3 Bf5 45. Rd8 Nd7 46. a5 Bd3 47. Ra8
Nc5 48. Rd8 Nd7 49. Ra8 Nc5 50. Rd8 Nd7 1/2-1/2

[Event "?"]
[Site "ICC 5 0 03/17/98, Internet Ch"]
[Date "1998.??.??"]
[Round "?"]
[White "Brause"]
[Black "CaraVaggio"]
[Result "1-0"]
[WhiteElo "2395"]
[BlackElo "1740"]
[PlyCount "39"]

1. e4 e5 2. Nf3 Nc6 3. Nc3 Nf6 4. Nxe5 Nxe5 5. d4 Ng6 6. e5 Ng8 7. Bc4 d6 8.
Qf3 Qe7 9. Bb5+ c6 10. Bxc6+ bxc6 11. Qxc6+ Kd8 12. Qxa8 dxe5 13. dxe5 Qxe5+
14. Be3 Bd6 15. O-O-O N8e7 16. Rxd6+ Qxd6 17. Rd1 Qxd1+ 18. Kxd1 Kc7 19. Qxa7+
Bb7 20. Nb5+ 1-0

[Event "?"]
[Site "ICC 5 0 03/17/98, Internet Ch"]
[Date "1998.??.??"]
[Round "?"]
[White "Brause"]
[Black "Ausbeiner"]
[Result "1-0"]
[WhiteElo "2435"]
[BlackElo "1635"]
[PlyCount "39"]

1. e4 e5 2. Nf3 Nc6 3. Nc3 Nf6 4. Nxe5 Nxe5 5. d4 Ng6 6. e5 Ng8 7. Bc4 Qe7 8.
Nd5 Qh4 9. Nxc7+ Kd8 10. Nxa8 Bb4+ 11. c3 Be7 12. Bd5 Nh6 13. g3 Qh3 14. Qa4 a6
15. Qc4 Ke8 16. Qxc8+ Bd8 17. Nc7+ Ke7 18. b3 Ng4 19. Ba3+ d6 20. Bxd6# 1-0

[Event "?"]
[Site "ICC 5 0 03/17/98, Internet Ch"]
[Date "1998.??.??"]
[Round "?"]
[White "Brause"]
[Black "PAPo"]
[Result "1-0"]
[WhiteElo "2445"]
[BlackElo "1970"]
[PlyCount "51"]

1. e4 e5 2. Nf3 Nc6 3. Nc3 Nf6 4. Nxe5 Nxe5 5. d4 Nc6 6. d5 Bb4 7. dxc6 bxc6 8.
Qd4 Qe7 9. f3 d5 10. Bg5 c5 11. Bb5+ Kf8 12. Qd3 a6 13. Bc6 c4 14. Qxd5 Bxc3+
15. bxc3 Nxd5 16. Bxe7+ Kxe7 17. Bxd5 Rb8 18. Bxc4 Rd8 19. O-O Be6 20. Bxa6 Ra8
21. Bd3 Bxa2 22. Rfd1 Rdb8 23. e5 h6 24. Be4 Ra6 25. Bf5 Rc6 26. Rxa2 1-0

[Event "?"]
[Site "ICC 5 0 04/16/98, Internet Ch"]
[Date "1998.??.??"]
[Round "?"]
[White "Brause"]
[Black "riky"]
[Result "1-0"]
[WhiteElo "2560"]
[BlackElo "2635"]
[PlyCount "86"]

1. e4 e5 2. Nf3 Nc6 3. Nc3 Nf6 4. Nxe5 Nxe5 5. d4 Ng6 6. e5 Ng8 7. Bc4 Bb4 8.
Qf3 Bxc3+ 9. bxc3 Qe7 10. O-O Nh6 11. g3 O-O 12. Qh5 d5 13. Bxd5 c6 14. Bf3 Be6
15. a4 Qd7 16. Bxh6 gxh6 17. Qxh6 f5 18. Bh5 Qg7 19. Qxg7+ Kxg7 20. Rab1 Rab8
21. Bf3 Bd5 22. Bxd5 cxd5 23. Rb5 Rfd8 24. Rfb1 Rd7 25. e6 Re7 26. Rxd5 Rxe6
27. Rxf5 Rc6 28. Rd5 Rxc3 29. Rd7+ Kh6 30. Rbxb7 Rxb7 31. Rxb7 Rxc2 32. f4 Rc4
33. f5 Nf8 34. Rf7 Rc8 35. Rxa7 Rd8 36. Rf7 Nd7 37. a5 Nb8 38. a6 Nxa6 39. Rf6+
Kg5 40. Rxa6 Kxf5 41. Rh6 Rd7 42. Rh4 Ke6 43. Rh5 Rf7 1-0

[Event "?"]
[Site "ICC 5 0 04/16/98, Internet Ch"]
[Date "1998.??.??"]
[Round "?"]
[White "Brause"]
[Black "tine"]
[Result "1-0"]
[WhiteElo "2580"]
[BlackElo "2100"]
[PlyCount "41"]

1. e4 e5 2. Nf3 Nc6 3. Nc3 Nf6 4. Nxe5 Nxe5 5. d4 Nc6 6. d5 Nb8 7. e5 Ng8 8. d6
c6 9. Bc4 b5 10. Bb3 f6 11. Nd5 cxd5 12. Qxd5 Qe7 13. dxe7 Nxe7 14. Qxa8 Nbc6
15. exf6 gxf6 16. Bf4 Bg7 17. O-O-O f5 18. Rhe1 Kd8 19. Bd5 Bf6 20. Bxc6 Nxc6
21. Qxc6 1-0

[Event "?"]
[Site "ICC 5 0 02/28/98, Internet Ch"]
[Date "1998.??.??"]
[Round "?"]
[White "brit"]
[Black "Brause"]
[Result "0-1"]
[WhiteElo "2095"]
[BlackElo "2500"]
[PlyCount "45"]

1. e4 e5 2. Nf3 Nc6 3. Nc3 Nf6 4. Nxe5 Nxe5 5. d4 Ng6 6. e5 Ng8 7. Bc4 Bb4 8.
Qf3 f5 9. h4 d5 10. Bg5 N8e7 11. Be2 h6 12. Bd2 c5 13. a3 Ba5 14. h5 cxd4 15.
hxg6 dxc3 16. bxc3 Qc7 17. O-O Nxg6 18. Bb5+ Kf7 19. Qxd5+ Be6 20. Qf3 Nxe5 21.
Qg3 Rhd8 22. Bf4 Bxc3 23. Rfd1 0-1

[Event "?"]
[Site "ICC 5 2 01/27/98, Internet Ch"]
[Date "1998.??.??"]
[Round "?"]
[White "Brause"]
[Black "pklm"]
[Result "1-0"]
[WhiteElo "2525"]
[BlackElo "2230"]
[PlyCount "27"]

1. e4 e5 2. Nf3 Nc6 3. Nc3 Nf6 4. Nxe5 Nxe5 5. d4 Nc6 6. d5 Ne5 7. f4 Ng6 8. e5
Ng8 9. d6 cxd6 10. exd6 Qf6 11. Nb5 Kd8 12. Be3 Bxd6 13. Nxd6 N8e7 14. Qd4 1-0

[Event "?"]
[Site "ICC 5 2 01/27/98, Internet Ch"]
[Date "1998.??.??"]
[Round "?"]
[White "Brause"]
[Black "Fabrizio"]
[Result "1-0"]
[WhiteElo "2600"]
[BlackElo "2305"]
[PlyCount "89"]

1. e4 e5 2. Nf3 Nc6 3. Nc3 Nf6 4. Nxe5 Nxe5 5. d4 Ng6 6. e5 Ng8 7. Bc4 d6 8.
Qf3 Be6 9. Qxb7 Bxc4 10. Qc6+ Ke7 11. exd6+ cxd6 12. Qxc4 Nf6 13. O-O Qa5 14.
Re1+ Kd8 15. Qxf7 Qc7 16. Qe6 Qe7 17. Bg5 Qxe6 18. Rxe6 Be7 19. Bxf6 Bxf6 20.
Rxd6+ Ke7 21. Nb5 Rhd8 22. Re1+ Kf7 23. c3 a6 24. Rxd8 Rxd8 25. Nc7 a5 26. g3
Ne7 27. a4 Rb8 28. Nb5 g5 29. Nd6+ Kg6 30. Re2 Rb3 31. Nc4 g4 32. Nxa5 Rb6 33.
Nc4 Ra6 34. a5 h5 35. Kg2 Nd5 36. f3 Kf5 37. Re1 Ra8 38. h3 Nc7 39. fxg4+ hxg4
40. Rf1+ Kg5 41. h4+ Kg6 42. Rf4 Nd5 43. Rxg4+ Kf5 44. Kf3 Re8 45. Nd6+ 1-0

[Event "?"]
[Site "ICC 5 0 01/29/98, Internet Ch"]
[Date "1998.??.??"]
[Round "?"]
[White "Brause"]
[Black "chesshazard"]
[Result "1-0"]
[WhiteElo "2570"]
[BlackElo "2000"]
[PlyCount "33"]

1. e4 Nc6 2. Nf3 e5 3. Nc3 Nf6 4. Nxe5 Nxe5 5. d4 Ng6 6. e5 Ng8 7. Bc4 d6 8.
Qf3 Qe7 9. Bb5+ Bd7 10. Qxb7 Rd8 11. Nd5 Qh4 12. Nxc7+ Ke7 13. exd6+ Kxd6 14.
O-O Nf6 15. Qa6+ Kxc7 16. Qxa7+ Kc8 17. Ba6# 1-0

[Event "?"]
[Site "ICC 5 0 01/29/98, Internet Ch"]
[Date "1998.??.??"]
[Round "?"]
[White "Brause"]
[Black "ManoTheGreat"]
[Result "1-0"]
[WhiteElo "2575"]
[BlackElo "2090"]
[PlyCount "57"]

1. e4 e5 2. Nf3 Nf6 3. Nc3 Nc6 4. Nxe5 Nxe5 5. d4 Nc6 6. d5 Ne5 7. f4 Ng6 8. e5
Ng8 9. d6 c6 10. g3 h5 11. h4 Nh6 12. Qxh5 Qa5 13. Qg5 Rg8 14. Bd3 Nh8 15. Bh7
f6 16. exf6 Qxg5 17. hxg5 N8f7 18. gxh6 Nxh6 19. Rxh6 gxh6 20. Bxg8 Bxd6 21.
Bd2 Kf8 22. f7 b6 23. Ne4 Be7 24. f5 Kg7 25. f6+ Bxf6 26. Bxh6+ Kxh6 27. f8=Q+
Bg7 28. Qf4+ Kg6 29. Qg5# 1-0

[Event "?"]
[Site "ICC 5 5 02/05/98, Internet Ch"]
[Date "1998.??.??"]
[Round "?"]
[White "Brause"]
[Black "pyramid"]
[Result "1-0"]
[WhiteElo "2505"]
[BlackElo "2180"]
[PlyCount "33"]

1. e4 e5 2. Nf3 Nc6 3. Nc3 Nf6 4. Nxe5 Nxe5 5. d4 Nc6 6. d5 Nb8 7. e5 Ng8 8. d6
cxd6 9. exd6 Qa5 10. Qe2+ Kd8 11. Qc4 Qe5+ 12. Be3 Bxd6 13. O-O-O f6 14. Nb5
Bf8 15. Bf4 Qc5 16. Bc7+ Ke8 17. Re1+ 1-0

[Event "?"]
[Site "ICC 5 5 02/05/98, Internet Ch"]
[Date "1998.??.??"]
[Round "?"]
[White "Brause"]
[Black "pyramid"]
[Result "1-0"]
[WhiteElo "2510"]
[BlackElo "2170"]
[PlyCount "22"]

1. e4 e5 2. Nf3 Nc6 3. Nc3 Nf6 4. Nxe5 Nxe5 5. d4 Bb4 6. dxe5 Nxe4 7. Qg4 Bxc3+
8. bxc3 d5 9. Qxg7 Rf8 10. Bh6 Qe7 11. Bd3 Nxc3 1-0

[Event "?"]
[Site "ICC 5 0 02/19/98, Internet Ch"]
[Date "1998.??.??"]
[Round "?"]
[White "Brause"]
[Black "MrsLovett"]
[Result "1-0"]
[WhiteElo "2455"]
[BlackElo "2670"]
[PlyCount "60"]

1. e4 e5 2. Nf3 Nc6 3. Nc3 Nf6 4. Nxe5 Nxe5 5. d4 Ng6 6. e5 Ng8 7. Bc4 d5 8.
Bxd5 c6 9. Bb3 Bb4 10. O-O N8e7 11. Ne4 O-O 12. c3 Ba5 13. Qh5 Nd5 14. Bg5 Qb6
15. Nd6 h6 16. Bd2 Qc7 17. f4 Bb6 18. Rae1 Rd8 19. Nxc8 Raxc8 20. e6 Nh8 21. f5
a6 22. f6 fxe6 23. fxg7 Nf7 24. Rxe6 Ba5 25. Bxh6 Bxc3 26. bxc3 Qd7 27. Bxd5
cxd5 28. Ref6 Rc7 29. Bg5 Qg4 30. Qxg4 Re8 1-0

[Event "?"]
[Site "ICC 5 0 02/19/98, Internet Ch"]
[Date "1998.??.??"]
[Round "?"]
[White "Brause"]
[Black "KnightC"]
[Result "1-0"]
[WhiteElo "2505"]
[BlackElo "2465"]
[PlyCount "145"]

1. e4 e5 2. Nf3 Nf6 3. Nc3 Nc6 4. Nxe5 Nxe5 5. d4 Ng6 6. e5 Ng8 7. Bc4 Bb4 8.
Qf3 Qe7 9. O-O Bxc3 10. bxc3 Rb8 11. Re1 b6 12. Qg3 h6 13. h4 b5 14. Rb1 Rb6
15. Rxb5 Rxb5 16. Bxb5 Qxh4 17. e6 c6 18. Qc7 fxe6 19. Qxc8+ Qd8 20. Qxd8+ Kxd8
21. Bc4 N8e7 22. Ba3 Nd5 23. Bxd5 cxd5 24. Bd6 Ne7 25. Rb1 Nc6 26. Rb7 g5 27.
a4 h5 28. a5 Rh6 29. a6 h4 30. Bc5 h3 31. Kh2 Rf6 32. f3 hxg2 33. Kxg2 e5 34.
dxe5 Nxe5 35. Bd4 Rf5 36. Bxe5 Rxe5 37. Rxa7 Re2+ 38. Kg3 Rxc2 39. Rb7 Kc8 40.
Rb5 Ra2 41. Rxd5 Rxa6 42. Rc5+ Kd8 43. Kg4 Rf6 44. Rxg5 Rc6 45. f4 Rxc3 46. Rg7
Rc1 47. Kg5 d5 48. f5 d4 49. f6 d3 50. Rg8+ Kc7 51. f7 Rg1+ 52. Kh4 Rh1+ 53.
Kg3 Rf1 54. f8=Q Rxf8 55. Rxf8 d2 56. Rf1 Kd6 57. Kf3 Ke5 58. Rd1 Kd4 59. Rxd2+
Ke5 60. Ke3 Kf5 61. Rd5+ Ke6 62. Ke4 Kf6 63. Rd6+ Kg5 64. Ke5 Kg4 65. Rd3 Kg5
66. Rg3+ Kh4 67. Kf4 Kh5 68. Rg5+ Kh6 69. Kf5 Kh7 70. Rg6 Kh8 71. Kf6 Kh7 72.
Kf7 Kh8 73. Rh6# 1-0

[Event "?"]
[Site "ICC 5 0 02/19/98, Internet Ch"]
[Date "1998.??.??"]
[Round "?"]
[White "Brause"]
[Black "KnightC"]
[Result "1/2-1/2"]
[WhiteElo "2550"]
[BlackElo "2435"]
[PlyCount "268"]

1. e4 e5 2. Nf3 Nf6 3. Nc3 Nc6 4. Nxe5 Nxe5 5. d4 Ng6 6. e5 Ng8 7. Bc4 Bb4 8.
Qf3 d5 9. Bxd5 Qd7 10. Bxb7 Bxb7 11. Qxb7 Bxc3+ 12. bxc3 Rd8 13. Rb1 N8e7 14.
O-O Nd5 15. Rb3 c5 16. Qxd7+ Rxd7 17. dxc5 O-O 18. f4 Rc8 19. c4 Nde7 20. Rd3
Rxd3 21. cxd3 Rxc5 22. Ba3 Ra5 23. Bb4 Rxa2 24. f5 Nxe5 25. Bxe7 Rd2 26. Ra1
Nxd3 27. h4 Nf4 28. Rxa7 f6 29. Kh1 h5 30. g3 Ne2 31. Ra3 Nd4 32. Ra8+ Kf7 33.
Bb4 Rd1+ 34. Kh2 Nxf5 35. Ra7+ Kg6 36. c5 Rb1 37. Ba5 Rb2+ 38. Kh3 Rc2 39. Bb6
Rc3 40. Bc7 Rxc5 41. Bf4 Rc2 42. Rb7 Rf2 43. Bc1 Nd6 44. Re7 Ra2 45. Bf4 Nc4
46. Bb8 Rb2 47. Bf4 Rf2 48. Rc7 Ne5 49. Be3 Ra2 50. Rc1 Re2 51. Bc5 Kh7 52. Rd1
Ng4 53. Bg1 g5 54. Rd7+ Kg6 55. Rd6 Kf5 56. hxg5 fxg5 57. Rd8 Nf6 58. Rd1 Ne4
59. Rd5+ Kg6 60. g4 h4 61. Rd8 Kf7 62. Rd5 Ke6 63. Rf5 Rc2 64. Bd4 Kd7 65. Re5
Re2 66. Rd5+ Kc6 67. Rf5 Rd2 68. Bf6 Rd3+ 69. Kh2 Rd5 70. Rf3 Rd2+ 71. Kh3 Kd7
72. Bc3 Rc2 73. Bd4 Kd6 74. Rf8 Rd2 75. Be3 Re2 76. Bd4 Kd5 77. Rd8+ Ke6 78.
Re8+ Kd7 79. Rf8 Rd2 80. Bb6 Rd3+ 81. Kh2 Rg3 82. Rd8+ Kc6 83. Bd4 Nd2 84. Kh1
Rxg4 85. Be3 Nf3 86. Rc8+ Kd5 87. Rc5+ Ke6 88. Rb5 Rg3 89. Bf2 Rh3+ 90. Kg2 g4
91. Rb6+ Kd5 92. Rb5+ Kc4 93. Rh5 Rh2+ 94. Kf1 g3 95. Bxg3 hxg3 96. Rxh2 gxh2
97. Kg2 Kd4 98. Kh1 Ke4 99. Kg2 Kf4 100. Kh1 Ke3 101. Kg2 Ke4 102. Kh1 Kf4 103.
Kg2 Ke3 104. Kh1 Kd4 105. Kg2 Kc3 106. Kh1 Kd3 107. Kg2 Ke4 108. Kh1 Kd5 109.
Kg2 Kc4 110. Kh1 Kc3 111. Kg2 Kd3 112. Kh1 Kc2 113. Kg2 Kb2 114. Kh1 Ka3 115.
Kg2 Kb4 116. Kh1 Kc5 117. Kg2 Kd5 118. Kh1 Kc6 119. Kg2 Kc5 120. Kh1 Kb4 121.
Kg2 Ka3 122. Kh1 Kb2 123. Kg2 Kc2 124. Kh1 Kb3 125. Kg2 Ka4 126. Kh1 Kb5 127.
Kg2 Kc6 128. Kh1 Kb6 129. Kg2 Kb5 130. Kh1 Ka4 131. Kg2 Ka5 132. Kh1 Ka6 133.
Kg2 Kb6 134. Kh1 Ka5 1/2-1/2

[Event "?"]
[Site "ICC 5 0 02/19/98, Internet Ch"]
[Date "1998.??.??"]
[Round "?"]
[White "Brause"]
[Black "StephenTaylor"]
[Result "1-0"]
[WhiteElo "2545"]
[BlackElo "2030"]
[PlyCount "93"]

1. e4 e5 2. Nf3 Nc6 3. Nc3 Nf6 4. Nxe5 Nxe5 5. d4 Ng6 6. e5 Ng8 7. Bc4 d5 8.
Bxd5 Bb4 9. Qf3 Qd7 10. Bxb7 Bxb7 11. Qxb7 Bxc3+ 12. bxc3 Rd8 13. Rb1 N8e7 14.
O-O O-O 15. Ba3 Rfe8 16. Qxa7 Qf5 17. Qxc7 Nf4 18. Bxe7 Qg4 19. Qc6 Rxe7 20. g3
Ne2+ 21. Kg2 Rc8 22. Qf3 Qxf3+ 23. Kxf3 Nxc3 24. Rb3 Ra7 25. a3 Nd5 26. c4 Ne7
27. c5 Rca8 28. Ke4 Rxa3 29. Rxa3 Rxa3 30. Rb1 f5+ 31. exf6 gxf6 32. Rb7 Kf7
33. d5 Ra4+ 34. Kd3 Ke8 35. d6 Nc6 36. Rxh7 Ne5+ 37. Ke3 Rc4 38. Rh8+ Kd7 39.
f4 Nf7 40. Rh7 Ke6 41. f5+ Kxf5 42. Rxf7 Rxc5 43. d7 Rd5 44. Re7 Kg5 45. h4+
Kg4 46. Re4+ Kxg3 47. Rd4 1-0

[Event "?"]
[Site "ICC 5 0 02/19/98, Internet Ch"]
[Date "1998.??.??"]
[Round "?"]
[White "Brause"]
[Black "CerealKiller"]
[Result "1-0"]
[WhiteElo "2560"]
[BlackElo "2005"]
[PlyCount "80"]

1. e4 e5 2. Nf3 Nc6 3. Nc3 Nf6 4. Nxe5 Nxe5 5. d4 Ng6 6. e5 Ng8 7. Bc4 Bb4 8.
Qf3 Qe7 9. O-O Bxc3 10. bxc3 Nh6 11. g3 d6 12. exd6 cxd6 13. Bxh6 gxh6 14. Rfe1
Be6 15. d5 Ne5 16. Rxe5 dxe5 17. dxe6 fxe6 18. Bb5+ Kd8 19. Rd1+ Kc7 20. Rd7+
Qxd7 21. Bxd7 Kxd7 22. Qxb7+ Kd6 23. c4 h5 24. Qb4+ Kd7 25. Qd2+ Ke7 26. Qg5+
Kd6 27. c5+ Kxc5 28. Qxe5+ Kc4 29. Qxe6+ Kc3 30. Qb3+ Kd2 31. c4 Rac8 32. Qe3+
Kc2 33. Qxa7 Rxc4 34. Qf7 Rcc8 35. Qxh5 Ra8 36. Qf5+ Kb2 37. a4 Kb3 38. a5 Kb4
39. f4 Rxa5 40. Qe4+ Kb5 1-0

[Event "?"]
[Site "ICC 5 0 02/19/98, Internet Ch"]
[Date "1998.??.??"]
[Round "?"]
[White "Brause"]
[Black "Kiriakos"]
[Result "1/2-1/2"]
[WhiteElo "2575"]
[BlackElo "2180"]
[PlyCount "254"]

1. e4 e5 2. Nf3 Nc6 3. Nc3 Nf6 4. Nxe5 Nxe5 5. d4 Ng6 6. e5 Be7 7. Bc4 O-O 8.
exf6 Bxf6 9. Be3 c6 10. O-O d5 11. Bd3 Be6 12. b3 Qd7 13. Re1 Rfe8 14. Bxg6
hxg6 15. Qd2 Be7 16. Na4 Bd6 17. Bf4 b6 18. Bxd6 Qxd6 19. Re5 Bd7 20. Rae1 f6
21. R5e3 Rxe3 22. Rxe3 Re8 23. Rxe8+ Bxe8 24. h4 Bd7 25. Nc3 Qe6 26. f3 Qf5 27.
Ne2 g5 28. Ng3 Qf4 29. Qxf4 gxf4 30. Nh5 Bf5 31. c3 a5 32. Nxf4 Kf7 33. a3 Bc2
34. b4 axb4 35. axb4 g5 36. hxg5 fxg5 37. Nh3 Kf6 38. Kf2 Bf5 39. g4 Bc2 40.
Ke3 Bd1 41. Nf2 Bc2 42. f4 Bb1 43. f5 Bc2 44. Nd3 Bxd3 45. Kxd3 b5 46. Kd2 Ke7
47. Ke2 Kf6 48. Kf2 Ke7 49. Kg3 Kf6 50. Kf3 Ke7 51. Ke3 Kf6 52. Ke2 Ke7 53. Kd3
Kf6 54. Kc2 Ke7 55. Kb2 Kf6 56. Kc1 Ke7 57. Kb1 Kf6 58. Kb2 Ke7 59. Kc2 Kf6 60.
Kd1 Ke7 61. Ke1 Kf6 62. Kf1 Ke7 63. Kf2 Kf6 64. Kg1 Ke7 65. Kh1 Kf6 66. Kh2 Ke7
67. Kg2 Kf6 68. Kg3 Ke7 69. Kf3 Kf6 70. Kg2 Ke7 71. Kg1 Kf6 72. Kh1 Ke7 73. Kh2
Kf6 74. Kh3 Ke7 75. Kg3 Kf6 76. Kf3 Ke7 77. f6+ Kxf6 78. Ke3 Ke7 79. Kd3 Kf6
80. Ke3 Ke6 81. Kd3 Kd6 82. Ke3 Kd7 83. Kd3 Kc7 84. Ke3 Kb6 85. Kf2 Kb7 86. Ke3
Kc8 87. Kf3 Kd7 88. Ke3 Ke8 89. Kd3 Kf8 90. Ke2 Kg8 91. Ke3 Kf8 92. Kd3 Ke8 93.
Ke2 Kd8 94. Kf2 Kc8 95. Kg2 Kb8 96. Kh3 Ka8 97. Kg3 Ka7 98. Kf3 Ka6 99. Ke2 Ka7
100. Kd2 Kb7 101. Kc2 Kc7 102. Kd1 Kd7 103. Kd2 Ke7 104. Ke1 Kf7 105. Kf2 Kg7
106. Kf3 Kh7 107. Ke3 Kh6 108. Kd3 Kg6 109. Ke2 Kf6 110. Kd1 Ke6 111. Kc2 Kd6
112. Kb3 Kc7 113. Ka3 Kb6 114. Ka2 Ka6 115. Kb3 Ka7 116. Kc2 Kb7 117. Kd2 Kc7
118. Ke1 Kd7 119. Kf1 Ke7 120. Kf2 Kf7 121. Kg2 Kg7 122. Kg3 Kh7 123. Kf3 Kh8
124. Ke3 Kg8 125. Kf3 Kf8 126. Ke3 Ke8 127. Kd3 Kd8 1/2-1/2

[Event "?"]
[Site "ICC 5 0 02/19/98, Internet Ch"]
[Date "1998.??.??"]
[Round "?"]
[White "Brause"]
[Black "tamar"]
[Result "1-0"]
[WhiteElo "2580"]
[BlackElo "2305"]
[PlyCount "67"]

1. e4 e5 2. Nf3 Nf6 3. Nc3 Nc6 4. Nxe5 Nxe5 5. d4 Ng6 6. e5 Ng8 7. Bc4 c6 8.
Qf3 d5 9. exd6 Be6 10. Bxe6 fxe6 11. Ne4 Bxd6 12. Qb3 Qd7 13. Nxd6+ Qxd6 14.
Qxb7 Rd8 15. O-O Qd7 16. Qb3 Nf6 17. Re1 O-O 18. Rxe6 Nd5 19. Re4 Qf5 20. f3
Kh8 21. Qc4 Nf6 22. Re2 Nh4 23. Qxc6 Rxd4 24. Be3 Rdd8 25. Bxa7 Qg6 26. c3 Qd3
27. Rae1 h6 28. Bd4 Nf5 29. Be5 Nd5 30. g4 Nde7 31. Qe6 Qxf3 32. gxf5 Nxf5 33.
Rg2 Rde8 34. Bxg7+ 1-0

[Event "?"]
[Site "ICC 5 0 02/28/98, Internet Ch"]
[Date "1998.??.??"]
[Round "?"]
[White "Brause"]
[Black "losch"]
[Result "1-0"]
[WhiteElo "2510"]
[BlackElo "2175"]
[PlyCount "33"]

1. e4 e5 2. Nf3 Nc6 3. Nc3 Nf6 4. Nxe5 Nxe5 5. d4 Nc6 6. d5 Nb8 7. e5 Ng8 8. d6
c6 9. Bc4 b5 10. Bb3 Qh4 11. O-O b4 12. Qf3 f6 13. exf6 Nxf6 14. Re1+ Kd8 15.
Ne4 Nxe4 16. Rxe4 Qf6 17. Qh5 1-0

[Event "?"]
[Site "ICC 5 0 02/28/98, Internet Ch"]
[Date "1998.??.??"]
[Round "?"]
[White "Brause"]
[Black "brit"]
[Result "1-0"]
[WhiteElo "2515"]
[BlackElo "2085"]
[PlyCount "41"]

1. e4 e5 2. Nf3 Nc6 3. Nc3 Nf6 4. Nxe5 Nxe5 5. d4 Ng6 6. e5 Ng8 7. Bc4 Bb4 8.
Qf3 f5 9. h4 d5 10. Bb3 c6 11. Bg5 Qc7 12. O-O-O Bxc3 13. Qxc3 Nf8 14. Bxd5 Be6
15. Bf3 h6 16. Be3 Qf7 17. Bxc6+ Nd7 18. Bxb7 Rb8 19. d5 Rxb7 20. Qc8+ Ke7 21.
d6# 1-0

[Event "?"]
[Site "ICC 5 0 02/28/98, Internet Ch"]
[Date "1998.??.??"]
[Round "?"]
[White "Brause"]
[Black "brit"]
[Result "1-0"]
[WhiteElo "2520"]
[BlackElo "2085"]
[PlyCount "107"]

1. e4 e5 2. Nf3 Nc6 3. Nc3 Nf6 4. Nxe5 Nxe5 5. d4 Ng6 6. e5 Ng8 7. Bc4 Bb4 8.
Qf3 f5 9. h4 d5 10. Bb3 c6 11. Bg5 Qa5 12. Bd2 Be6 13. h5 Nf8 14. a3 Bxc3 15.
Bxc3 Qc7 16. Bb4 Ne7 17. Bd6 Qd7 18. O-O-O Nc8 19. Bc5 b6 20. Bb4 a5 21. Bc3
Qf7 22. Rh4 Nd7 23. Rf4 b5 24. g4 g6 25. hxg6 hxg6 26. gxf5 gxf5 27. Rh1 Rxh1+
28. Qxh1 Ncb6 29. Rh4 O-O-O 30. Rh7 Qg8 31. Kb1 a4 32. Ba2 Rf8 33. Bd2 Nc4 34.
Bc1 f4 35. Qh6 Re8 36. Rg7 Qf8 37. Bxf4 Qf5 38. f3 Qh3 39. Qxh3 Bxh3 40. Kc1
Be6 41. Bg5 Rh8 42. Bxc4 dxc4 43. Re7 Bd5 44. f4 Rh1+ 45. Kd2 Rh2+ 46. Kc1 Be4
47. c3 Rc2+ 48. Kd1 Rxb2 49. e6 Nb6 50. Re8+ Kb7 51. e7 Nd5 52. Rb8+ Kxb8 53.
e8=Q+ Kc7 54. Bd8+ 1-0

[Event "?"]
[Site "ICC 5 0 02/28/98, Internet Ch"]
[Date "1998.??.??"]
[Round "?"]
[White "Brause"]
[Black "brit"]
[Result "1-0"]
[WhiteElo "2520"]
[BlackElo "2085"]
[PlyCount "49"]

1. e4 e5 2. Nf3 Nc6 3. Nc3 Nf6 4. Nxe5 Nxe5 5. d4 Ng6 6. e5 Ng8 7. Bc4 Bb4 8.
Qf3 f5 9. h4 d5 10. Bb3 c6 11. Bg5 Qa5 12. Bd2 Be6 13. h5 Nf8 14. a3 Bxc3 15.
Bxc3 Qc7 16. Bb4 Qf7 17. O-O-O Ne7 18. Qf4 O-O-O 19. Bd6 Nd7 20. Qd2 b6 21. Qb4
Kb7 22. Bxe7 a5 23. Qd6 Rde8 24. Bg5 f4 25. Rh4 1-0

[Event "?"]
[Site "ICC 5 0 02/28/98, Internet Ch"]
[Date "1998.??.??"]
[Round "?"]
[White "Brause"]
[Black "brit"]
[Result "1-0"]
[WhiteElo "2520"]
[BlackElo "2080"]
[PlyCount "69"]

1. e4 e5 2. Nf3 Nc6 3. Nc3 Nf6 4. Nxe5 Nxe5 5. d4 Ng6 6. e5 Ng8 7. Bc4 Bb4 8.
Qf3 f5 9. h4 d5 10. Bb3 c6 11. Bg5 Qa5 12. Bd2 Be6 13. h5 Nf8 14. O-O-O O-O-O
15. a3 Bxc3 16. Bxc3 Qc7 17. Bb4 Qf7 18. Bd6 Ne7 19. Rd3 Nd7 20. Rc3 Nb6 21.
Bc5 Kb8 22. Bd6+ Ka8 23. Bc5 Nec8 24. Kb1 g5 25. a4 Nd7 26. Bb4 Rde8 27. a5 f4
28. a6 g4 29. axb7+ Kxb7 30. Qd3 Bf5 31. Qd2 Ncb6 32. f3 gxf3 33. Rxf3 Qg7 34.
Qxf4 Be4 35. Rg3 1-0

[Event "?"]
[Site "ICC 5 0 02/28/98, Internet Ch"]
[Date "1998.??.??"]
[Round "?"]
[White "Brause"]
[Black "brit"]
[Result "1-0"]
[WhiteElo "2525"]
[BlackElo "2080"]
[PlyCount "89"]

1. e4 e5 2. Nf3 Nc6 3. Nc3 Nf6 4. Nxe5 Nxe5 5. d4 Ng6 6. e5 Ng8 7. Bc4 Bb4 8.
Qf3 f5 9. h4 d5 10. Bb3 c6 11. Bg5 Qc7 12. O-O-O Bxc3 13. Qxc3 Be6 14. h5 Nf8
15. f3 h6 16. Bf4 Ne7 17. Qb4 O-O-O 18. Qc5 b6 19. Qa3 Kb7 20. Qb4 g5 21. hxg6
Nfxg6 22. Bxh6 f4 23. Qd2 c5 24. Bxf4 cxd4 25. Bh2 Nf5 26. Qg5 Rhg8 27. Qf6 Qf7
28. Qxf7+ Bxf7 29. g4 Ne3 30. Rxd4 Rh8 31. Rd3 Nc4 32. Bxc4 dxc4 33. Rxd8 Rxd8
34. Bg3 Bd5 35. Rd1 Kc6 36. f4 Rh8 37. f5 Rh3 38. Rg1 Nh4 39. Bxh4 Rxh4 40. f6
Kd7 41. g5 Be4 42. g6 Rh2 43. g7 Rxc2+ 44. Kd1 Rxb2 45. g8=Q 1-0

[Event "?"]
[Site "ICC 5 0 02/28/98, Internet Ch"]
[Date "1998.??.??"]
[Round "?"]
[White "Brause"]
[Black "brit"]
[Result "1-0"]
[WhiteElo "2525"]
[BlackElo "2075"]
[PlyCount "39"]

1. e4 e5 2. Nf3 Nc6 3. Nc3 Nf6 4. Nxe5 Nxe5 5. d4 Ng6 6. e5 Ng8 7. Bc4 Bb4 8.
Qf3 f5 9. h4 d5 10. Bb3 c6 11. Bg5 Qc7 12. O-O-O Bxc3 13. Qxc3 Be6 14. h5 Nf8
15. f3 Nd7 16. h6 g6 17. Rhe1 Ne7 18. Rd3 O-O-O 19. Bxe7 Rde8 20. Bd6 1-0

[Event "?"]
[Site "ICC 5 0 02/28/98, Internet Ch"]
[Date "1998.??.??"]
[Round "?"]
[White "Brause"]
[Black "brit"]
[Result "1-0"]
[WhiteElo "2530"]
[BlackElo "2075"]
[PlyCount "146"]

1. e4 e5 2. Nf3 Nc6 3. Nc3 Nf6 4. Nxe5 Nxe5 5. d4 Ng6 6. e5 Ng8 7. Bc4 Bb4 8.
Qf3 f5 9. h4 d5 10. Bb3 c6 11. Bg5 Be7 12. Bxe7 N8xe7 13. O-O-O Be6 14. h5 Nf8
15. Rh3 Qc7 16. Qf4 O-O-O 17. Ne2 Rg8 18. Rc3 g5 19. hxg6 hxg6 20. Rh1 g5 21.
Qd2 f4 22. g3 fxg3 23. Rxg3 g4 24. Nf4 Bf5 25. Qb4 Nfg6 26. Nxg6 Nxg6 27. Rgg1
Nf4 28. Qd2 Ne6 29. c3 Qf7 30. Rh6 Bg6 31. Bd1 Qf5 32. Bc2 Qxc2+ 33. Qxc2 Bxc2
34. Kxc2 Rde8 35. Rg2 Kd7 36. Rh4 Ref8 37. Rh7+ Rg7 38. Rxg7+ Nxg7 39. Kd2 Rf4
40. f3 Rxf3 41. Rxg4 Rf7 42. Rg6 Ne6 43. Ke3 Ke7 44. Rg8 Kd7 45. Rg6 a6 46. a4
Rg7 47. Rxg7+ Nxg7 48. a5 Ke6 49. Ke2 Kf5 50. b3 Ke4 51. b4 Ne6 52. Kd2 Kf3 53.
Kd3 Nf4+ 54. Kd2 Ke4 55. Kc2 Ke3 56. Kb3 Kd2 57. Kb2 Kd3 58. Kb3 Kd2 59. Kb2
Ne6 60. Kb3 Kc1 61. c4 Nxd4+ 62. Kc3 Ne6 63. cxd5 cxd5 64. Kd3 Kb2 65. Kd2 Kb3
66. b5 axb5 67. Kd3 Ka4 68. Kc2 Kxa5 69. Kc3 Ka4 70. Kb2 b4 71. Ka2 b3+ 72. Kb2
Kb4 73. Kb1 Kc3 1-0

[Event "?"]
[Site "ICC 5 0 02/28/98, Internet Ch"]
[Date "1998.??.??"]
[Round "?"]
[White "Brause"]
[Black "brit"]
[Result "1-0"]
[WhiteElo "2530"]
[BlackElo "2075"]
[PlyCount "114"]

1. e4 e5 2. Nf3 Nc6 3. Nc3 Nf6 4. Nxe5 Nxe5 5. d4 Ng6 6. e5 Ng8 7. Bc4 Bb4 8.
Qf3 f5 9. h4 d5 10. Bb3 c6 11. Bg5 Be7 12. Bxe7 N8xe7 13. O-O-O Be6 14. h5 Nf8
15. Qf4 Rg8 16. Rd3 Qc7 17. Ne2 O-O-O 18. Rc3 Kb8 19. Re1 g5 20. hxg6 hxg6 21.
Rh1 Nc8 22. Qg5 Qe7 23. Qxe7 Nxe7 24. Rg3 g5 25. Rh5 g4 26. Rd3 Nfg6 27. Rd1
Rh8 28. Rdh1 Rxh5 29. Rxh5 Rh8 30. Rxh8+ Nxh8 31. f4 Kc7 32. Kd2 b6 33. Ke3
Nhg6 34. g3 Bd7 35. c3 Nf8 36. a4 Ne6 37. Bc2 c5 38. dxc5 bxc5 39. Kd2 Kb6 40.
b4 d4 41. bxc5+ Kxc5 42. cxd4+ Nxd4 43. Nxd4 Kxd4 44. Bb3 a5 45. Bc2 Nd5 46.
Bb3 Nb6 47. Bc2 Nxa4 48. e6 Be8 49. Bxf5 Nc3 50. Bxg4 a4 51. f5 a3 52. Kc2 Ba4+
53. Kc1 Nd1 54. Bxd1 Bxd1 55. f6 a2 56. Kb2 Ke5 57. f7 Kxe6 1-0